000
00321nam a22001337a 4500
008
181221b xxu||||| |||| 00| 0 eng d
020
_a
405060336
041
_a
eng
080
_a
201
100
_a
24
101
_a
TEO
245
_a
Religion and the Radical Republican Movement 1860-1870
_c
Howard, V.B
942
_2
udc
_c
BK
999
_c
53599
_d
53599